000
00348 a2200169 4500
001
57417
020
_a
8533612877
040
_c
Anchieta - Pituba
100
_a
Yumoto, Kazumi
240
1
0
_a
Os amigos
_l
por
245
1
0
_a
Os amigos
300
_a
222
362
0
_a
2000
440
1
_a
Martins Fontes
650
4
_a
Literatura juvenil
942
_c
BK
999
_c
57417
_d
57417